Statistics for Celebrities that Peter Griffin hates

Click here to take the quiz!

General Stats

  • This quiz has been taken 23 times
  • The average score is 4 of 31

Answer Stats

Answer% Correct
Chris Martin
43%
Justin Timberlake
43%
Kathy Griffin
36%
every rapper
29%
Amy Winehouse
21%
Chris Martin's parents
21%
Bonnie Franklin
14%
Chris Martin again
14%
Chris O'Donnell
14%
Dane Cook
14%
Dax Shepard
14%
Ethan Hawke
14%
Eve Plumb
14%
Joe Francis
14%
Princess Diana
14%
Stephen Dorff
14%
that forehead guy from The Office
14%
Andrew McCarthy
7%
Carlos Mencia
7%
Chris Martin's ancestors
7%
David Arquette
7%
Geoffrey Chaucer
7%
Rita Coolidge
7%
Suri Cruise
7%
Toby Keith
7%
Andy Samberg
0%
Elisabeth Hasselbeck
0%
Freddie Prinze Jr.
0%
Garry Marshall
0%
Kate Beckinsale
0%
Paul Tsongas
0%

Score Distribution

Percentile by Number Answered

Percent of People with Each Score

Your Score History

You have not taken this quiz